|
|
|
|
| LEADER |
01913nam a2200289 a 4500 |
| 001 |
GR-MES1506 |
| 008 |
991111s1980 gr 000 0 gre d |
| 040 |
|
|
|a GrPaTEI
|b gre
|c GR-PaULI
|
| 245 |
0 |
0 |
|a Γενική οικονομική επιχειρήσεων :
|b Γενική θεωρία της οικονομίας των επιχειρήσεων
|n 1ος.
|
| 260 |
|
|
|a Αθήνα :
|b Σμπίλιας,
|c 1980
|
| 300 |
|
|
|a 186σελ. :
|b πιν.
|
| 650 |
|
4 |
|a Επιχείρηση
|
| 650 |
|
4 |
|a Μάνατζμεντ
|
| 650 |
|
4 |
|a Οικονομία
|
| 650 |
|
4 |
|a Οικονομική
|
| 700 |
1 |
|
|a Lehmann, M.
|
| 700 |
1 |
|
|a Χρυσοκέρης, Ι.
|
| 710 |
0 |
|
|a Σμπίλιας
|
| 942 |
|
|
|2 ddc
|
| 971 |
|
|
|a .b2572549x
|b 15-04-20
|c 13-09-16
|
| 999 |
|
|
|c 152748
|d 152748
|
| 952 |
|
|
|0 0
|1 0
|2 ddc
|4 0
|6 658_150000000000000_LEH
|7 0
|9 265729
|a MSLG
|b MSLG
|c BSC
|d 2021-01-17
|e 24
|f 0
|g 0.00
|l 0
|o 658.15 LEH
|p 2420000001242
|r 2021-01-17
|t 1
|w 2021-01-17
|y BK15
|x 19991111 0 1
|x GrPaTEI
|
| 952 |
|
|
|0 0
|1 0
|2 ddc
|4 0
|6 658_150000000000000_LEH
|7 0
|9 265730
|a MSLG
|b MSLG
|c BSC
|d 2021-01-17
|e 24
|f 0
|g 0.00
|l 0
|o 658.15 LEH
|p 2420000002017
|r 2021-01-17
|t 1
|w 2021-01-17
|y BK15
|x 19991111 0 1
|x GrPaTEI
|
| 952 |
|
|
|0 0
|1 0
|2 ddc
|4 0
|6 658_150000000000000_LEH
|7 0
|9 265731
|a MSLG
|b MSLG
|c BSC
|d 2021-01-17
|e 24
|f 0
|g 0.00
|l 0
|o 658.15 LEH
|p 2420000002018
|r 2021-01-17
|t 1
|w 2021-01-17
|y BK15
|x 19991111 0 1
|x GrPaTEI
|
| 952 |
|
|
|0 0
|1 0
|2 ddc
|4 0
|6 658_150000000000000_LEH
|7 0
|9 265732
|a MSLG
|b MSLG
|c BSC
|d 2021-01-17
|e 24
|f 0
|g 0.00
|l 0
|o 658.15 LEH
|p 2420000017081
|r 2021-01-17
|t 1
|w 2021-01-17
|y BK15
|x 20000125 0 1
|x GrPaTEI
|
| 952 |
|
|
|0 0
|1 0
|2 ddc
|4 0
|6 658_150000000000000_LEH
|7 0
|9 265733
|a MSLG
|b MSLG
|c BSC
|d 2021-01-17
|e 24
|f 0
|g 0.00
|l 0
|o 658.15 LEH
|p 2420000018052
|r 2021-01-17
|t 1
|w 2021-01-17
|y BK15
|x 20000307 0 1
|x GrPaTEI
|
| 952 |
|
|
|0 0
|1 0
|2 ddc
|4 0
|6 658_150000000000000_LEH
|7 0
|9 265734
|a MSLG
|b MSLG
|c BSC
|d 2021-01-17
|e 24
|f 0
|g 0.00
|l 0
|o 658.15 LEH
|p 2420000018053
|r 2021-01-17
|t 1
|w 2021-01-17
|y BK15
|x 20000307 0 1
|x GrPaTEI
|